Gares de l'Orne - Statistiques

Statistiques générales
  • Ce quiz a été pris 93 fois
  • Le résultat moyen est 6 sur 10
Statistiques - réponses
Nombre de voyageurs Gares % Correct
444 175 Argentan
97%
455 836 Alençon
96%
155 659 Flers
84%
128 908 Surdon
71%
212 798 L'Aigle
63%
57 305 Briouze
60%
91 220 Sées
56%
25 890 Bretoncelles
9%
24 342 Condé sur Huisne
9%
19 637 Le Theil - La Rouge
9%
Aucun quiz correspondant
Distribution des résultats
% des personnes avec chaque résultat
Percentile par nombre de réponses
Votre historique - résultats
Vous n’avez pas pris ce quiz